濁音、半濁音が3字以上あるJR駅 - Statistics

General Stats
  • This quiz has been taken 62 times
  • The average score is 11 of 41
Answer Stats
都道府県 駅名 読み % Correct
東京都 高田馬場 たかだのばば
61%
広島県 備後庄原 びんごしょうばら
53%
福島県 会津坂下 あいづばんげ
47%
大分県 別府大学 べっぷだいがく
45%
新潟県 新潟大学前 にいがただいがくまえ
39%
広島県 備後西城 びんごさいじょう
37%
大分県 豊前善光寺 ぶぜんぜんこうじ
37%
大阪府 JR総持寺 じぇいあーるそうじじ
37%
東京都 東十条 ひがしじゅうじょう
33%
大分県 豊後荻 ぶんごおぎ
33%
大分県 豊後国分 ぶんごこくぶ
33%
北海道 北海道医療大学 ほっかいどういりょうだいがく
33%
大分県 東別府 ひがしべっぷ
31%
大分県 豊後中川 ぶんごなかがわ
31%
大分県 豊前長洲 ぶぜんながす
29%
東京都 分倍河原 ぶばいがわら
29%
福島県 Jヴィレッジ じぇいびれっじ
29%
島根県 出雲神西 いずもじんざい
27%
山梨県 鰍沢口 かじかざわぐち
27%
宮崎県 宮崎神宮 みやざきじんぐう
27%
奈良県 JR五位堂 じぇいあーるごいどう
27%
福岡県 筑前大分 ちくぜんだいぶ
25%
広島県 備後本庄 びんごほんじょう
25%
群馬県 万座・鹿沢口 まんざ・かざわぐち
25%
秋田県 神宮寺 じんぐうじ
24%
熊本県 崇城大学前 そうじょうだいがくまえ
24%
岡山県 備前三門 びぜんみかど
24%
山口県 梶栗郷台地 かじくりごうだいち
22%
広島県 備後安田 びんごやすだ
22%
兵庫県 玄武洞 げんぶどう
20%
青森県 白神岳登山口 しらかみだけとざんぐち
20%
福岡県 田川後藤寺 たがわごとうじ
20%
静岡県 源道寺 げんどうじ
18%
鹿児島県 慈眼寺 じげんじ
18%
高知県 円行寺口 えんぎょうじぐち
16%
和歌山県 道成寺 どうじょうじ
16%
大阪府 東淀川 ひがしよどがわ
16%
福岡県 善導寺 ぜんどうじ
14%
北海道 ラベンダー畑 らべんだーばたけ
12%
徳島県 地蔵橋 じぞうばし
10%
新潟県 東下条 ひがしげじょう
10%
No matching quizzes found
Score Distribution
Percent of People with Each Score
Percentile by Number Answered
Your Score History
You have not taken this quiz